000 00666nam a2200277Ia 4500
005 20260324140206.0
008 008 260324s9999 xx 000 0 eng d
020 _a9781003556480
037 _aEBOOK
040 _aCRL
040 _beng
040 _cCRL
041 _2eng
041 _aeng
084 _qCRL
100 _aRoderich Ptak
_91203479
245 0 _aChina's Seaborne Trade with South and Southeast Asia (1200-1750)
260 _bTaylor and Francis
260 _c1999
365 _a
365 _b220
856 _uhttp://www.taylorfrancis.com/books/9781003556480
942 _cEBOOK
999 _c1805275
_d1805275